<?xml version="1.0" encoding="utf-8"?>
<?xml-stylesheet type='text/xsl' href='./oai2.xsl'?>
<OAI-PMH xmlns="http://www.openarchives.org/OAI/2.0/" xmlns:xsi="http://www.w3.org/2001/XMLSchema-instance" xsi:schemaLocation="http://www.openarchives.org/OAI/2.0/ http://www.openarchives.org/OAI/2.0/OAI-PMH.xsd">
  <responseDate>2026-04-29T22:09:04Z</responseDate>
  <request verb="GetRecord" metadataPrefix="marcxml" identifier="record_kuniweb_27747">https://kulturerbe.niedersachsen.de/oai</request>
  <GetRecord>
    <record>
      <header>
        <identifier>record_kuniweb_27747</identifier>
        <datestamp>2026-03-31T19:09:18Z</datestamp>
        <setSpec>slg0121</setSpec>
      </header>
      <metadata>
        <marc:record xmlns:marc="http://www.loc.gov/MARC21/slim" xsi:schemaLocation="http://www.loc.gov/MARC21/slim http://www.loc.gov/standards/marcxml/schema/MARC21slim.xsd">
          <marc:leader>12345nrm  22     uu 4500</marc:leader>
          <marc:controlfield tag="001">27747</marc:controlfield>
          <marc:controlfield tag="003">http://kuniweb.gbv.de</marc:controlfield>
          <marc:controlfield tag="005">2021-10-08T11:49:44</marc:controlfield>
          <marc:controlfield tag="008">|           ||||||||||||||||||||||</marc:controlfield>
          <marc:datafield tag="245" ind1="1" ind2="0">
            <marc:subfield code="a">Zahlungsmittel / Reichsbanknote / Ein Tausend Mark</marc:subfield>
          </marc:datafield>
          <marc:datafield tag="720" ind1=" " ind2=" ">
            <marc:subfield code="a">Deutsche Reichsbank</marc:subfield>
          </marc:datafield>
          <marc:datafield tag="655" ind1=" " ind2="7">
            <marc:subfield code="a">Alltagskultur</marc:subfield>
          </marc:datafield>
          <marc:datafield tag="046" ind1=" " ind2=" ">
            <marc:subfield code="k">1910-04-21</marc:subfield>
            <marc:subfield code="k">21. April 1910</marc:subfield>
          </marc:datafield>
          <marc:datafield tag="260" ind1=" " ind2=" ">
            <marc:subfield code="a">Berlin (Berlin)</marc:subfield>
            <marc:subfield code="g">1910-04-21</marc:subfield>
            <marc:subfield code="g">21. April 1910</marc:subfield>
          </marc:datafield>
          <marc:datafield tag="300" ind1=" " ind2=" ">
            <marc:subfield code="a">Länge: 18,7 cm
Breite: 11 cm</marc:subfield>
          </marc:datafield>
          <marc:datafield tag="520" ind1=" " ind2=" ">
            <marc:subfield code="a">Drei Reichsbanknoten / Ein Tausend Mark / "Brauner Tausender"
Vs. Text mit verzierten Initialien, bekrönter Reichsadler
Rs. Zwei weibliche Allegorien, links die Seefahrt (Paddel) und rechts den Überfluss (Füllhorn) darstellend, dazwischen der Reichsadler im Früchtekranz unter Kaiserkrone mit Lorbeerzweigen, links und rechts Arabesken. (H.-L. Grabowski u. M. Kranz 2020)

Aufdruck:
Reichsbanknote / Eintausend Mark zahlt die Reichsbankhauptkasse in Berlin ohne Legimitationsprüfung dem Einlieferer dieser Banknote. Berlin, den 21. April 1910 / Reichsbankdirektorium

Beschrieben in:
H.-L. Grabowski, „Die deutschen Banknoten ab 1871 Das Papiergeld der deutschen Notenbanken, Staatspapiergeld, Kolonial- und Besatzungsausgaben, deutsche Nebengebiete und geldscheinähnliche Wertpapiere und Gutscheine“. Battenberg Gietl Verlag GmbH, Regenstauf, 2020.</marc:subfield>
          </marc:datafield>
          <marc:datafield tag="650" ind1="1" ind2=" ">
            <marc:subfield code="a">Banknote</marc:subfield>
          </marc:datafield>
          <marc:datafield tag="650" ind1="1" ind2=" ">
            <marc:subfield code="a">Mark</marc:subfield>
          </marc:datafield>
          <marc:datafield tag="650" ind1="1" ind2=" ">
            <marc:subfield code="a">Deutsches Kaiserreich</marc:subfield>
          </marc:datafield>
          <marc:datafield tag="650" ind1="1" ind2=" ">
            <marc:subfield code="a">Münze, Medaille, Zahlungsmittel &gt; Banknote</marc:subfield>
          </marc:datafield>
          <marc:datafield tag="650" ind1="1" ind2=" ">
            <marc:subfield code="a">Papiergeld</marc:subfield>
          </marc:datafield>
          <marc:datafield tag="773" ind1="0" ind2=" ">
            <marc:subfield code="t">Sammlung Münz-und Geldgeschichte</marc:subfield>
          </marc:datafield>
          <marc:datafield tag="852" ind1=" " ind2=" ">
            <marc:subfield code="a">Stadtmuseum Einbeck</marc:subfield>
          </marc:datafield>
          <marc:datafield tag="" ind1=" " ind2=" ">
            <marc:subfield code="a">Namensnennung - Weitergabe unter gleichen Bedingungen 4.0 International (CC BY-SA 4.0)</marc:subfield>
          </marc:datafield>
        </marc:record>
      </metadata>
    </record>
  </GetRecord>
</OAI-PMH>
